Detalles MARC
| 000 -CABECERA |
| campo de control de longitud fija |
01109nam a2200241 a 4500 |
| 001 - NÚMERO DE CONTROL |
| campo de control |
000048973 |
| 005 - FECHA Y HORA DE LA ÚLTIMA TRANSACCIÓN |
| campo de control |
20240316073906.0 |
| 008 - DATOS DE LONGITUD FIJA--INFORMACIÓN GENERAL |
| campo de control de longitud fija |
100921s2018 dr a 001 0 spa d |
| 040 ## - FUENTE DE LA CATALOGACIÓN |
| Centro catalogador/agencia de origen |
DO-SdBNP |
| Lengua de catalogación |
spa |
| Centro/agencia transcriptor |
BNPHU |
| 082 ## - NÚMERO DE LA CLASIFICACIÓN DECIMAL DEWEY |
| Número de clasificación |
917.293 |
| Número de documento/Ítem |
S194i, 2018 |
| 100 1# - ENTRADA PRINCIPAL--NOMBRE DE PERSONA |
| Nombre de persona |
Sánchez Valverde Ocaña, Antonio |
| Fechas asociadas al nombre |
1729-1790 |
| 9 (RLIN) |
76400 |
| 245 10 - MENCIÓN DE TÍTULO |
| Título |
Idea del valor de la isla Española : |
| Resto del título |
y utilidades que de ella puede sacar su Monarquía / |
| Mención de responsabilidad, etc. |
Antonio Sánchez Valver de Ocaña, ; prólogo Marcio Veloz Maggiolo. |
| 260 ## - PUBLICACIÓN, DISTRIBUCIÓN, ETC. |
| Lugar de publicación, distribución, etc. |
Santo Domingo , República Dominicana : |
| Nombre del editor, distribuidor, etc. |
Ministerio de Cultura, |
| Fecha de publicación, distribución, etc. |
2018. |
| 300 ## - DESCRIPCIÓN FÍSICA |
| Extensión |
279 p. ; |
| Dimensiones |
24 cm. |
| 490 1# - MENCIÓN DE SERIE |
| Mención de serie |
Biblioteca dominicana básica |
| -- |
ensayo |
| Designación de volumen o secuencia |
13 |
| 500 ## - NOTA GENERAL |
| Nota general |
Incluye referencias bibligráficas y notas al pie de las páginas |
| 500 ## - NOTA GENERAL |
| Nota general |
Incluye datos biográficos del autor en la solapa de la cubierta |
| 590 ## - NOTA LOCAL (RLIN) |
| Nota local |
Inventariado, 2019/VM |
| 651 #4 - PUNTO DE ACCESO ADICIONAL DE MATERIA--NOMBRE GEOGRÁFICO |
| Nombre geográfico |
República Dominicana |
| Subdivisión general |
Descripciones Y Viajes |
| 9 (RLIN) |
1651 |
| 651 #4 - PUNTO DE ACCESO ADICIONAL DE MATERIA--NOMBRE GEOGRÁFICO |
| Nombre geográfico |
República Dominicana |
| Subdivisión general |
Historia |
| 9 (RLIN) |
170 |
| 700 1# - PUNTO DE ACCESO ADICIONAL--NOMBRE DE PERSONA |
| Nombre de persona |
Veloz Maggiolo, Marcio, |
| Fechas asociadas al nombre |
1936-2021 |
| Término indicativo de función/relación |
pról. |
| 9 (RLIN) |
1104 |
| 830 #0 - PUNTO DE ACCESO ADICIONAL DE SERIE-TÍTULO UNIFORME |
| Título uniforme |
Biblioteca Dominicana básica |
| Nombre de parte o sección de la obra |
ensayo |
| Número de parte o sección de la obra |
13 |
| 9 (RLIN) |
76401 |